|
|
|
|
| LEADER |
00832cam a2200241 a 4500 |
| 001 |
0000075592 |
| 005 |
20050104090000.0 |
| 040 |
|
|
|a mod
|
| 041 |
|
|
|a eng
|
| 020 |
0 |
0 |
|a 9679425509
|
| 090 |
0 |
0 |
|a 301.09595
|b RIS
|e 2001
|
| 245 |
0 |
0 |
|a Risking Malaysia
|b culture, politics and identity
|c edited by Maznah Mohamad, Wong Soak Koon
|
| 250 |
0 |
0 |
|a Siri kajian Malaysia dan antarabangsa
|
| 260 |
0 |
0 |
|a Bangi
|b Penerbit Universiti Kebangsaan Malaysia
|c 2001
|
| 300 |
0 |
0 |
|a 214 p.
|c 22 cm
|
| 650 |
0 |
0 |
|a Malaysia
|x Politics and government
|x Congresses
|
| 650 |
0 |
0 |
|a Ethnicity
|z Malaysia
|x Congressess
|
| 650 |
0 |
0 |
|a Civil society
|z Malaysia
|x Congressess
|
| 650 |
0 |
0 |
|a Culture
|z Malaysia
|x Congressess
|
| 700 |
1 |
1 |
|a Wong
|h Soak Koon
|
| 700 |
1 |
1 |
|a Maznah Mohamad
|
| 852 |
0 |
0 |
|a 01
|
| 999 |
|
|
|a 0237636
|b KEMENTAH
|d BOOKS
|e Umum
|f Perpustakaan KEMENTAH
|j AVAILABLE
|q GOOD CONDITION
|